000 01162nam0a22002771 4500
001 rc\4371583
005 20250612062809.0
021 _aRU
_b[60-46780]
035 _a(NLR Aleph) 008541164
090 _a8347853
_c8347853
100 _a20130416d1960 |||y0rusy50 ca
101 0 _arus
102 _aRU
105 _aa z |||||
200 1 _aНовые сорта тортов
_fО-во по распространению полит. и науч. знаний РСФСР. Ленингр. дом науч.-техн. пропаганды
210 _aЛенинград
_cБ. и.
_d1960
215 _a17 с.
_cил.
_d21
225 1 _a[Обмен передовым опытом]
_fЛО НТО пищевой пром-сти
_iСерия "Хлебопекарная промышленность"
_vВып. 6
606 _aКондитерские изделия, мучнистые
_xРецептура
_2psbo
700 1 _aГопенштейн
_bЮ.Л.
_gЮрий Лазаревич
701 1 _aБомова
_bЗ.М.
_gЗоя Максимовна
801 0 _aRU
_bNLR
_gpsbo
801 1 _aRU
_bELAR
_2rusmarc
852 _aNLR
_j60-6/5796
942 _cBOOK
980 _aNB